Puentes Militares y paso de ríos. Atlas

Gardado en:
Detalles Bibliográficos
Main Authors: Suárez de la Vega, José (Author), Lagarde y Carriquiri, Nemesio (Author)
Formato: Libro
Idioma:Lingua castelá
Publicado: Madrid Imprenta de Enrique Rubiños, Plaza de la paja, Núm. 7 duplicado 1886
Edición:1a. ed
Subjects:
Tags: Engadir etiqueta
Sen Etiquetas, Sexa o primeiro en etiquetar este rexistro!

MARC

LEADER 00000nam a2200000 a 4500
001 UCJ8477
003 CL-VaPUC
008 070124e18860000SP |||||||||||||||||spa|d
082 0 4 |a 623  |b SUA  |2 21 
100 0 |a Suárez de la Vega, José  |e author  |9 517232 
700 0 |a Lagarde y Carriquiri, Nemesio  |e author  |9 517233 
245 1 0 |a Puentes Militares y paso de ríos. Atlas 
250 |a 1a. ed 
300 |a pág. irreg 
942 |c BK 
945 |d 20070124 00:00:00  |a rinostro 
260 |a Madrid  |b Imprenta de Enrique Rubiños, Plaza de la paja, Núm. 7 duplicado  |c 1886 
500 |a Tamaño .40 x .30 
650 7 |a INGENIERIA MILITAR  |2 CL-VaPUC  |9 398519 
650 7 |a PUENTES MILITARES  |2 CL-VaPUC  |9 517234 
650 0 |a Ilustraciones  |9 369481 
583 |a last modification  |c 20070124 00:00:00  |k Rodrigo Vera 
999 |c 324183  |d 324181 
952 |0 0  |1 0  |4 0  |6 623_000000000000000_SUA_1886  |7 0  |8 X  |9 404146  |a FDOBUD  |b FDOBUD  |d 2019-11-22  |i 1078658  |o 623 SUA 1886  |p 1078658  |r 2019-11-22  |w 2019-11-22  |y BK_X  |k BUD